Vainqueurs du Trophée des Nations de mölkky - Statistiques

Statistiques générales
  • Ce quiz a été pris 60 fois
    13 depuis la dernière actualisation
  • Le résultat moyen est 13 sur 15
Statistiques - réponses
Année Vainqueur % Correct
2013 France
100%
2012 France
100%
2025 Finlande
92%
2024 Finlande
92%
2019 Finlande
92%
2018 Finlande
92%
2017 Finlande
92%
2016 Finlande
92%
2015 Finlande
92%
2014 Finlande
92%
2011 Finlande
92%
2009 Finlande
92%
2022 Belgique
58%
2010 Estonie
58%
2023 Australie
25%
Aucun quiz correspondant
Distribution des résultats
% des personnes avec chaque résultat
Percentile par nombre de réponses
Votre historique - résultats
Vous n’avez pas pris ce quiz depuis la dernière actualisation